Vista normal
Vista MARC
Entrada Nombre de reunión
Número de registros utilizados en: 2
001 - NÚMERO DE CONTROL
- campo de control: 54529
003 - IDENTIFICADOR DEL NÚMERO DE CONTROL
- campo de control: OSt
005 - FECHA Y HORA DE LA ÚLTIMA TRANSACCIÓN
- campo de control: 20200615034617.0
008 - DATOS DE LONGITUD FIJA
- campo de control de longitud fija: 200615|| aca||aabn | a|a d
040 ## - FUENTE DE LA CATALOGACIÓN
- Centro catalogador/agencia de origen: OSt
- Centro/agencia transcriptor: OSt
111 ## - ENCABEZAMIENTO--NOMBRE DE CONGRESO/REUNIÓN
- Nombre de congreso/reunión o jurisdicción como elemento de entrada: Conferencia Modelo Dominicano de las Naciones Unidas en Nueva York
- Número del congreso/reunión o número de parte o sección: 21 al 25 de marzo
- Fecha del congreso/reunión: 2013
- Sede del congreso/Lugar de la reunión: New York
670 ## - FUENTE DE DATOS ENCONTRADOS
- Cita de la fuente: Work cat.: (OSt)26951: Conferencia Modelo Dominicano de las Naciones Unidas en Nueva York 21 al 25 de marzo 2013 New York, Conferencia Modelo Dominicano de las Naciones Unidadas 2013., [2014].
